|
|
|
|
| LEADER |
01020nab a2200241 i 4500 |
| 001 |
publ4899 |
| 005 |
20190326135638.0 |
| 008 |
150217s2014 hu o 0|| angol d |
| 022 |
|
|
|a 0166-4328
|
| 024 |
7 |
|
|a 10.1016/j.bbr.2014.06.016
|2 doi
|
| 024 |
7 |
|
|a 2702820
|2 mtmt
|
| 040 |
|
|
|a SZTE Publicatio Repozitórium
|b hun
|
| 041 |
|
|
|a angol
|
| 100 |
1 |
|
|a Palotai Miklós
|
| 245 |
1 |
4 |
|a The action of orexin B on passive avoidance learning. Involvement of neurotransmitters
|h [elektronikus dokumentum] /
|c Palotai Miklós
|
| 260 |
|
|
|a Elsevier
|c 2014
|
| 300 |
|
|
|a 1-7
|
| 490 |
0 |
|
|a Behavioural Brain Research
|v 272
|
| 700 |
0 |
1 |
|a Telegdy Gyula
|e aut
|
| 700 |
0 |
1 |
|a Ekwerike Alphonsus
|e aut
|
| 700 |
0 |
1 |
|a Jászberényi Miklós
|e aut
|
| 856 |
4 |
0 |
|u http://publicatio.bibl.u-szeged.hu/4899/7/Miklos%20Palotai_manuscript_2%20Rep..pdf
|z Dokumentum-elérés
|
| 856 |
4 |
0 |
|u http://publicatio.bibl.u-szeged.hu/4899/1/The%20action%20of%20orexin%20B%20on%20passive%20avoidance%20learning.%20Involvement%20of%20neurotransmitters.pdf
|z Dokumentum-elérés
|